000 00237nam a22000857a 4500
008 160716b xxu||||| |||| 00| 0 eng d
100 _92940
_a Aneja, P.L
245 _aDeutsch Interssant - I
260 _aNew Ddelhi
_b Indo Bonn Publication
_c2001
999 _c2505
_d2505